|
|
|
แสดงรายละเอียดบรรณานุกรม |
|
|
Brief Record
: Get Marc (ISO 2709)
: E-mail record
: |
|
|
| LEADER 00000nam 2200000uu 4500 | |||
| 001 13399110772 | |||
| 003 BCNR | |||
| 008 110314s2539||||th 000 0 tha d | |||
| 020 9748939871 | |||
| 050 4 WB925^bพ335ก 2539 | |||
| 100 0 พระธรรมปิฎก (ประยุทธ์ ปยุตฺโต),^d2481- | |||
| 245 10 การแพทย์ไทย :^bทางเลือกในยุคโลกาภิวัฒน์ /^cพระธรรมปิฎก(ประยุทธ์ ปยุตฺโต) | |||
| 250 พิมพ์ครั้งที่ 1 | |||
| 260 กรุงเทพฯ :^bธรรมสาร,^c2539 | |||
| 300 0229 หน้า :^bภาพประกอบ ;^c21 ซม. | |||
| 600 07 ธรรมนูญ วานิยะพงศ์ | |||
| 650 7 การแพทย์แผนโบราณ | |||
| 650 7 การแพทย์^xแง่ศาสนา^xพุทธศาสนา | |||
| 650 7 ธรรมะ | |||
| 710 2 กองทุนวุฒิธรรมเพื่อการศึกษาและปฏิบัติธรรม | |||
| 999 ^aบรรณารักษ์ | |||
| คุณยังไม่ได้ล็อกอิน คุณสามารถมีกิจกรรมร่วมกับเว็บไซต์ได้ แต่ต้องล็อกอินก่อน :: |
|
| สถานะ | |||||||||
| 1. | หนังสือ | WB925 พ335ก 2539 ฉ.1 Barcode: 007148 | ►หนังสือทั่วไป | On Shelf | |||||
| 2. | หนังสือ | WB925 พ335ก 2539 ฉ.2 Barcode: 013545 | ►หนังสือทั่วไป | On Shelf | |||||
| 3. | หนังสือ | WB925 พ335ก 2539 ฉ.3 Barcode: 013546 | ►หนังสือทั่วไป | On Shelf | |||||
| [แสดง 3/3 รายการ] | |||||||||
| รายการใกล้เคียง หัวเรื่อง [การแพทย์แผนโบราณ]
|
BibComment |
| คอมเมนท์ทรัพยากรรายการนี้ |
|
|